00386nam a22001337a 450000500170000000800410001704100130005808200100007110000130008124500920009426000160018630000250020265000250022720231124091951.0231124b |||||||| |||| 00| 0 eng d aEnglish  a341.3 lEnglish  aInternational and Regional Conventions / Protocols Which Namibia Namibia have Ratified  c1990 - 2004 b7 pages ; c30,3 cm. aLegal practice bLaw